Fundamentals of entrepreneurship and small business (Record no. 5806)
[ view plain ]
| 000 -LEADER | |
|---|---|
| fixed length control field | 00544cam a2200193ua 4500 |
| 008 - FIXED-LENGTH DATA ELEMENTS--GENERAL INFORMATION | |
| fixed length control field | 140308n ii |||gr||||Z||||||eng |
| 020 ## - INTERNATIONAL STANDARD BOOK NUMBER | |
| International Standard Book Number | 81-272-1680-1 |
| 040 ## - CATALOGING SOURCE | |
| Transcribing agency | MAIN |
| 082 ## - DEWEY DECIMAL CLASSIFICATION NUMBER | |
| Classification number | 338.04 |
| 245 ## - TITLE STATEMENT | |
| Title | Fundamentals of entrepreneurship and small business |
| Statement of responsibility, etc. | By Renu Arora |
| 260 ## - PUBLICATION, DISTRIBUTION, ETC. | |
| Place of publication, distribution, etc. | Ludhiana: |
| Name of publisher, distributor, etc. | Kalyani publishers, |
| Date of publication, distribution, etc. | 2004. |
| 300 ## - PHYSICAL DESCRIPTION | |
| Extent | x,300p. |
| 700 ## - ADDED ENTRY--PERSONAL NAME | |
| Personal name | Arora,Renu, |
| Relator term | |
| 700 ## - ADDED ENTRY--PERSONAL NAME | |
| Personal name | Sood,S.K., |
| Relator term | |
| 942 ## - ADDED ENTRY ELEMENTS (KOHA) | |
| Koha item type | Books |
| 653 ## - INDEX TERM--UNCONTROLLED | |
| Uncontrolled term | Production |
| 653 ## - INDEX TERM--UNCONTROLLED | |
| Uncontrolled term | Fundamentals of entrepreneurship and small business |
| Withdrawn status | Lost status | Damaged status | Not for loan | Home library | Current library | Shelving location | Date acquired | Total Checkouts | Full call number | Barcode | Date last seen | Copy number | Price effective from | Koha item type |
|---|---|---|---|---|---|---|---|---|---|---|---|---|---|---|
| Central Library, Naharkatiya College | Central Library, Naharkatiya College | General Stacks | 19/09/2020 | 338.04 | ARO | 16608 | 19/09/2020 | 1 | 19/09/2020 | Books |
